[Event "TCh-CHN 2018"]
[Site "China CHN"]
[Date "2018.10.28"]
[Round "17.6"]
[Board "5"]
[White "Liu, Xianglin"]
[Black "Gara, Ticia"]
[Result "1/2-1/2"]
[BlackTitle "WGM"]
[WhiteElo "2188"]
[BlackElo "2324"]
[WhiteTeam "Beijing Beiao team"]
[BlackTeam "Hebei sports lottery chess team"]
[WhiteFideId "8602409"]
[BlackFideId "717444"]
[EventDate "2018.04.11"]

1. d4 Nf6 2. c4 g6 3. Nc3 d5 4. Bf4 Bg7 5. e3 O-O 6. cxd5 Nxd5 7. Nxd5 Qxd5 8.
Bxc7 Na6 9. Bxa6 Qxg2 10. Qf3 Qxf3 11. Nxf3 bxa6 12. Rc1 Bg4 13. Ne5 Bxe5 14.
Bxe5 f6 15. Bc7 Rac8 16. Kd2 Bf3 17. Rhg1 Kf7 18. Rc3 Ke6 19. Rgc1 Kd7 20. Bg3
Rxc3 21. Rxc3 Rc8 22. Rxc8 Kxc8 23. Kd3 Bd5 24. b3 f5 25. h4 a5 26. Kc3 Kb7 27.
Be5 Kc6 28. Bf4 Kb5 29. Bg5 e6 30. a4+ Ka6 31. Bd8 Bc6 32. Bc7 Bd5 33. Bd8 Bc6
34. Bc7 Bd5 35. Bd8 1/2-1/2

[Event "TCh-CHN 2018"]
[Site "China CHN"]
[Date "2018.10.29"]
[Round "18.1"]
[Board "1"]
[White "Li, Shilong"]
[Black "Balogh, Csaba"]
[Result "0-1"]
[WhiteTitle "GM"]
[BlackTitle "GM"]
[WhiteElo "2498"]
[BlackElo "2629"]
[WhiteTeam "Guangdong Ding Xin High Tech Team"]
[BlackTeam "Hebei sports lottery chess team"]
[WhiteFideId "8600678"]
[BlackFideId "718939"]
[EventDate "2018.04.11"]

1. d4 d5 2. c4 c6 3. Nf3 Nf6 4. e3 Bf5 5. Nc3 e6 6. Nh4 Be4 7. f3 Bg6 8. Qb3 Qc7
9. Bd2 Be7 10. g3 Bh5 11. Be2 dxc4 12. Qxc4 a6 13. a3 b5 14. Qa2 Nbd7 15. Rc1
Qb6 16. b4 a5 17. Qb3 axb4 18. axb4 O-O 19. O-O Rfd8 20. g4 Nd5 21. Nxd5 cxd5
22. Be1 Bg6 23. Nxg6 hxg6 24. Qc2 e5 25. Qc6 exd4 26. Qxb6 Nxb6 27. exd4 Nc4 28.
Bxc4 dxc4 29. Bc3 Ra4 30. Rfe1 Bxb4 31. Re5 Ba3 32. Ra1 Rb8 33. Re3 Raa8 34. Kg2
b4 35. Bd2 c3 36. Bc1 Bxc1 37. Rxc1 b3 0-1

[Event "TCh-CHN 2018"]
[Site "China CHN"]
[Date "2018.10.29"]
[Round "18.1"]
[Board "2"]
[White "Zhao, Chenxi"]
[Black "Liu, Zhaoqi"]
[Result "0-1"]
[WhiteElo "2328"]
[BlackElo "2286"]
[WhiteTeam "Guangdong Ding Xin High Tech Team"]
[BlackTeam "Hebei sports lottery chess team"]
[WhiteFideId "8611513"]
[BlackFideId "8609381"]
[EventDate "2018.04.11"]

1. c4 c5 2. Nc3 Nf6 3. g3 g6 4. Bg2 Bg7 5. e3 Nc6 6. Nge2 h5 7. d4 cxd4 8. exd4
h4 9. Bg5 h3 10. Bf3 d6 11. O-O Bf5 12. Qd2 Qd7 13. b3 O-O 14. d5 Ne5 15. Bh1 a6
16. Nd4 b5 17. cxb5 axb5 18. Nc6 Rfe8 19. Bxf6 Bxf6 20. Nxb5 Bg4 21. Qe3 Rec8
22. Ncd4 Bf5 23. Rfd1 Ng4 24. Qd2 Rc5 25. a4 Rac8 26. Rac1 Ne5 27. Nc6 Rxc1 28.
Rxc1 Nd3 29. Rd1 Nc5 30. Nbd4 Be4 31. Bxe4 Nxe4 32. Qe3 Nc5 33. a5 e5 34. Ne2
Qf5 35. b4 Ne4 36. f3 Ng5 37. Rf1 Qc2 38. b5 e4 39. fxe4 Nxe4 40. b6 Bg5 41. Qf3
f5 42. b7 Rf8 43. Ncd4 Qd2 44. Ne6 Be3+ 45. Kh1 Nf2+ 46. Kg1 Ne4+ 47. Kh1 Nf2+
48. Rxf2 Bxf2 49. Qxf2 Qd1+ 50. Ng1 Qxd5+ 51. Qf3 Qxe6 52. a6 Qa2 53. Qc6 Kg7
54. Nxh3 Qa1+ 55. Ng1 Qd4 56. Nf3 Qd1+ 57. Ng1 Qd4 58. Kg2 Qd2+ 59. Kh1 Qd4 60.
Nf3 Qd1+ 61. Kg2 Qe2+ 62. Kg1 Qe3+ 63. Kg2 Qe2+ 64. Kg1 Qe3+ 65. Kh1 f4 66. Qd5
Qe2 67. g4 Qf1+ 68. Ng1 Qxa6 69. Qd4+ Kh7 70. Qe4 Qb5 71. Nf3 Qf1+ 72. Ng1 Qb5
73. Qe7+ Kg8 74. Nf3 Qf1+ 75. Ng1 Qb5 76. Nf3 Qf1+ 77. Ng1 Qb1 78. Kg2 Qb2+ 79.
Kh3 Qh8+ 80. Kg2 Qb2+ 81. Kh3 f3 82. Qe6+ Kg7 83. Qxd6 Rh8+ 0-1

[Event "TCh-CHN 2018"]
[Site "China CHN"]
[Date "2018.10.29"]
[Round "18.1"]
[Board "3"]
[White "Xu, Yinglun"]
[Black "Wan, Yunguo"]
[Result "0-1"]
[WhiteTitle "GM"]
[BlackTitle "GM"]
[WhiteElo "2531"]
[BlackElo "2529"]
[WhiteTeam "Guangdong Ding Xin High Tech Team"]
[BlackTeam "Hebei sports lottery chess team"]
[WhiteFideId "8604940"]
[BlackFideId "8603189"]
[EventDate "2018.04.11"]

1. d4 Nf6 2. c4 g6 3. Nc3 d5 4. cxd5 Nxd5 5. e4 Nxc3 6. bxc3 Bg7 7. Bc4 c5 8.
Ne2 Nc6 9. Be3 O-O 10. O-O b6 11. Rc1 Bb7 12. d5 Ne5 13. Bb3 f5 14. exf5 Rxf5
15. Nf4 Qd6 16. c4 Bh6 17. Ne6 Bxe3 18. fxe3 Rf6 19. Rf4 Bc8 20. Ng5 Bf5 21. Bc2
h6 22. Nf3 Bg4 23. Qf1 Raf8 24. Nxe5 Qxe5 25. Qd3 Be2 26. Qd2 Rxf4 27. exf4 Qxf4
28. Qxf4 Rxf4 29. Bb3 Kf7 30. g3 Re4 31. h3 Kf6 32. Kf2 Bd3 33. Rc3 Rd4 34. Ke3
Bf5 35. g4 Be4 36. Ba4 Ke5 0-1

[Event "TCh-CHN 2018"]
[Site "China CHN"]
[Date "2018.10.29"]
[Round "18.1"]
[Board "4"]
[White "Zhai, Mo"]
[Black "Gong, Qianyun"]
[Result "1-0"]
[WhiteTitle "WGM"]
[BlackTitle "WGM"]
[WhiteElo "2352"]
[BlackElo "2312"]
[WhiteTeam "Hebei sports lottery chess team"]
[BlackTeam "Guangdong Ding Xin High Tech Team"]
[WhiteFideId "8600201"]
[BlackFideId "8602425"]
[EventDate "2018.04.11"]

1. c4 Nf6 2. Nf3 e6 3. Nc3 d5 4. d4 dxc4 5. e3 a6 6. a4 c5 7. Bxc4 Be7 8. O-O
O-O 9. dxc5 Bxc5 10. Qe2 Nc6 11. Rd1 Qc7 12. Bd2 b6 13. Rac1 Bb7 14. Ba2 Rad8
15. Bb1 Ne5 16. b4 Nxf3+ 17. gxf3 Bd6 18. Nd5 Bxh2+ 19. Kg2 Qe5 20. Nxf6+ Qxf6
21. Rh1 Qg5+ 22. Kf1 Qh5 23. Be4 Qh3+ 24. Ke1 Bxe4 25. fxe4 Qg2 26. Qf1 Qxf1+
27. Rxf1 Be5 28. f4 Bf6 29. Rc6 Rb8 30. Ke2 Rfc8 31. Rfc1 Rxc6 32. Rxc6 h5 33.
Be1 Kf8 34. Rc7 b5 35. Ra7 Rb6 36. Ra8+ Ke7 37. a5 Rc6 38. e5 Bxe5 39. fxe5 1-0

[Event "TCh-CHN 2018"]
[Site "China CHN"]
[Date "2018.10.29"]
[Round "18.1"]
[Board "5"]
[White "Gara, Ticia"]
[Black "Li, Xueyi"]
[Result "1-0"]
[WhiteTitle "WGM"]
[WhiteElo "2324"]
[BlackElo "2187"]
[WhiteTeam "Hebei sports lottery chess team"]
[BlackTeam "Guangdong Ding Xin High Tech Team"]
[WhiteFideId "717444"]
[BlackFideId "8605912"]
[EventDate "2018.04.11"]

1. Nf3 d5 2. g3 c6 3. Bg2 Bg4 4. c4 e6 5. O-O Nd7 6. cxd5 exd5 7. d3 Be7 8. h3
Bxf3 9. Bxf3 Ngf6 10. Bg2 O-O 11. Nd2 a5 12. Nf3 Re8 13. Qc2 Bf8 14. e3 a4 15.
Bd2 c5 16. Rab1 b5 17. b4 axb3 18. axb3 Rc8 19. Rfc1 c4 20. bxc4 bxc4 21. dxc4
dxc4 22. Qa2 Ne4 23. Rxc4 Rxc4 24. Qxc4 Nxd2 25. Nxd2 Ne5 26. Qd5 Qc8 27. Rb7
Qe6 28. f4 Ng6 29. Qxe6 fxe6 30. Ne4 h6 31. Bf3 Ne7 32. Kf2 Ra8 33. Bh5 Ra4 34.
Kf3 Ra3 35. Nd6 Nf5 36. Nxf5 exf5 37. Bf7+ Kh7 38. Be6 Kg6 39. Bxf5+ Kf6 40. Bc2
Rc3 41. Rb6+ Kf7 42. Bb3+ Ke8 43. Rb8+ Ke7 44. Ke4 g6 45. Rb7+ Kd8 46. Kd4 Rc6
47. Bd5 Rc1 48. e4 Bd6 49. Rh7 Rg1 50. e5 Be7 51. g4 Rd1+ 52. Ke4 Re1+ 53. Kf3
Rf1+ 54. Kg3 g5 55. f5 Re1 56. f6 Re3+ 57. Kg2 Bc5 58. Rh8+ Kc7 59. Re8 Re2+ 60.
Kf3 Re3+ 61. Kg2 Re2+ 62. Kf1 Rd2 63. Be6 Rf2+ 64. Ke1 Rf3 65. Bf5 Rxh3 66. Rc8+
Kb6 67. Rxc5 1-0

[Event "TCh-CHN 2018"]
[Site "China CHN"]
[Date "2018.10.29"]
[Round "18.2"]
[Board "1"]
[White "Yu, Yangyi"]
[Black "Chu, Wei Chao"]
[Result "1-0"]
[WhiteTitle "GM"]
[BlackTitle "IM"]
[WhiteElo "2764"]
[BlackElo "2373"]
[WhiteTeam "Beijing Beiao team"]
[BlackTeam "Tianjin Team"]
[WhiteFideId "8603820"]
[BlackFideId "8605661"]
[EventDate "2018.04.11"]

1. c4 Nf6 2. Nc3 c5 3. g3 g6 4. Bg2 Bg7 5. e3 d6 6. Nge2 h5 7. h3 Nc6 8. d4 Bd7
9. b3 Qc8 10. d5 Na5 11. Bb2 Rb8 12. Qd2 b6 13. Nd1 O-O 14. e4 Qa6 15. Bc3 b5
16. Rb1 Nb7 17. Ne3 e6 18. dxe6 Bxe6 19. O-O b4 20. Ba1 Rbe8 21. Nf4 Bd7 22.
Ned5 Nxe4 23. Bxe4 Rxe4 24. Bxg7 1-0

[Event "TCh-CHN 2018"]
[Site "China CHN"]
[Date "2018.10.29"]
[Round "18.2"]
[Board "2"]
[White "Li, Chao b"]
[Black "Wang, Yue"]
[Result "1/2-1/2"]
[WhiteTitle "GM"]
[BlackTitle "GM"]
[WhiteElo "2703"]
[BlackElo "2683"]
[WhiteTeam "Beijing Beiao team"]
[BlackTeam "Tianjin Team"]
[WhiteFideId "8604436"]
[BlackFideId "8601429"]
[EventDate "2018.04.11"]

1. d4 Nf6 2. c4 e6 3. Nc3 d5 4. cxd5 Nxd5 5. g3 Nxc3 6. bxc3 c5 7. Bg2 cxd4 8.
Qxd4 Nc6 9. Qxd8+ Nxd8 10. Nf3 b6 11. a4 Bb7 12. a5 Bc5 13. Ba3 Bxa3 14. Rxa3
bxa5 15. Rxa5 Bd5 16. O-O Nb7 17. Ra3 Ke7 18. Rfa1 a5 19. c4 Bc6 20. Ne5 Bxg2
21. Kxg2 Rhc8 22. Ra4 f6 23. Nd3 Rc7 24. h4 Rac8 25. c5 Nxc5 26. Nxc5 Rxc5 27.
Rxa5 Rxa5 28. Rxa5 Rc7 29. e3 f5 30. Ra6 Kf6 1/2-1/2

[Event "TCh-CHN 2018"]
[Site "China CHN"]
[Date "2018.10.29"]
[Round "18.2"]
[Board "3"]
[White "Wang, Yiye"]
[Black "Malakhov, Vladimir"]
[Result "1/2-1/2"]
[WhiteTitle "IM"]
[BlackTitle "GM"]
[WhiteElo "2437"]
[BlackElo "2654"]
[WhiteTeam "Beijing Beiao team"]
[BlackTeam "Tianjin Team"]
[WhiteFideId "8606021"]
[BlackFideId "4120787"]
[EventDate "2018.04.11"]

1. d4 g6 2. e4 Bg7 3. Nf3 d6 4. Bc4 e6 5. O-O a6 6. a4 b6 7. Re1 Ne7 8. Nbd2 Bb7
9. Bb3 O-O 10. c3 c5 11. Nf1 Nbc6 12. Ng3 cxd4 13. cxd4 Rc8 14. Bf4 h6 15. h4 e5
16. Be3 exd4 17. Nxd4 h5 18. Nf3 Ne5 19. Ng5 Ng4 20. Bd4 Bxd4 21. Qxd4 Nc6 22.
Qd2 Qf6 23. Rad1 Rcd8 24. Bd5 Na5 25. Ba2 Nc6 26. Bd5 Na5 27. Ba2 Nc6 28. f3
Nge5 29. Ne2 a5 30. Bd5 Qe7 31. Nf4 Nb4 32. Bxb7 Qxb7 33. Nd5 Nxd5 34. Qxd5 Qc7
35. Rc1 Qd7 36. b3 Rc8 37. Red1 Rxc1 38. Rxc1 Rd8 39. Rc3 Qe7 40. Qd4 Rb8 41. f4
Ng4 42. Rc6 d5 43. Qxd5 Nf6 44. Qe5 Qxe5 45. fxe5 Ng4 46. e6 fxe6 47. Rxe6 Kg7
48. Re7+ Kg8 49. Re6 Kg7 50. Re7+ Kg8 51. e5 b5 52. Kf1 bxa4 53. bxa4 Rb2 54.
Re8+ Kg7 55. Re7+ Kg8 56. Re8+ Kg7 57. Re7+ 1/2-1/2

[Event "TCh-CHN 2018"]
[Site "China CHN"]
[Date "2018.10.29"]
[Round "18.2"]
[Board "4"]
[White "Xiao, Yiyi"]
[Black "Wang, Jue"]
[Result "1/2-1/2"]
[WhiteTitle "WFM"]
[BlackTitle "WGM"]
[WhiteElo "2295"]
[BlackElo "2367"]
[WhiteTeam "Tianjin Team"]
[BlackTeam "Beijing Beiao team"]
[WhiteFideId "8606161"]
[BlackFideId "8604070"]
[EventDate "2018.04.11"]

1. d4 d5 2. c4 c6 3. Nc3 Nf6 4. e3 e6 5. Nf3 Nbd7 6. Qc2 Bd6 7. Be2 O-O 8. O-O
b6 9. b3 Bb7 10. Bb2 Qe7 11. Rad1 Rad8 12. e4 Nxe4 13. Nxe4 dxe4 14. Qxe4 f5 15.
Qc2 c5 16. Rfe1 cxd4 17. Nxd4 Nc5 18. Bf3 Bxf3 19. Nxf3 Ne4 20. Nd4 Bc5 21. Nc6
Qh4 22. Bd4 Bxd4 23. Nxd4 Rd6 24. Nb5 Rxd1 25. Rxd1 Rd8 26. Rxd8+ Qxd8 27. f3
Nc5 28. Nxa7 Qd4+ 29. Kf1 Qa1+ 30. Kf2 Qd4+ 31. Kf1 Qa1+ 32. Kf2 Qd4+ 33. Kf1
Qa1+ 34. Kf2 Qd4+ 35. Kf1 1/2-1/2

[Event "TCh-CHN 2018"]
[Site "China CHN"]
[Date "2018.10.29"]
[Round "18.2"]
[Board "5"]
[White "Chu, Ruotong"]
[Black "Wang, Yu A."]
[Result "1/2-1/2"]
[WhiteTitle "WIM"]
[BlackTitle "IM"]
[WhiteElo "2261"]
[BlackElo "2303"]
[WhiteTeam "Tianjin Team"]
[BlackTeam "Beijing Beiao team"]
[WhiteFideId "8605653"]
[BlackFideId "8601097"]
[EventDate "2018.04.11"]

1. d4 d6 2. e4 e5 3. dxe5 dxe5 4. Qxd8+ Kxd8 5. Nf3 f6 6. Be3 Nd7 7. Bc4 Bc5 8.
Bxc5 Nxc5 9. Nc3 c6 10. b4 Nd7 11. a4 a5 12. b5 Kc7 13. bxc6 bxc6 14. O-O-O Nb6
15. Ba2 Ne7 16. Nd2 Rd8 17. Nb3 Be6 18. Nc5 Bxa2 19. Nxa2 Rd6 20. Rxd6 Kxd6 21.
Nb7+ Kc7 22. Nc5 Kd6 23. Nb7+ Kc7 24. Nc5 Kd6 25. Nb7+ 1/2-1/2

[Event "TCh-CHN 2018"]
[Site "China CHN"]
[Date "2018.10.29"]
[Round "18.3"]
[Board "1"]
[White "Cheparinov, Ivan"]
[Black "Lan, Zilun"]
[Result "1-0"]
[WhiteTitle "GM"]
[WhiteElo "2711"]
[BlackElo "2333"]
[WhiteTeam "Shenzhen Longgang Chess association"]
[BlackTeam "Zhejiang Chess Team"]
[WhiteFideId "2905540"]
[BlackFideId "8604193"]
[EventDate "2018.04.11"]

1. d4 Nf6 2. c4 e6 3. Nf3 Bb4+ 4. Nbd2 c5 5. a3 Bxd2+ 6. Bxd2 cxd4 7. Nxd4 Nc6
8. Bf4 d5 9. cxd5 Qxd5 10. Nxc6 Qxc6 11. Rc1 Qd5 12. Qxd5 Nxd5 13. Bd6 Bd7 14.
e4 Nf6 15. f3 Rc8 16. Rxc8+ Bxc8 17. Kf2 Kd7 18. Bb8 a6 19. Be2 Ke7 20. Ba7 Bd7
21. Bc5+ Kd8 22. Rc1 Bc6 23. b4 Kd7 24. Bd1 Rc8 25. a4 Ke8 26. Bd4 Bd7 27. Rxc8+
Bxc8 28. Ke3 Kd7 29. a5 Kd8 30. Bb6+ Ke7 31. Kd4 Bd7 32. Bc5+ Kd8 33. Bf8 Ne8
34. Kc5 Kc7 35. g4 Bc6 36. g5 Bb5 37. h4 g6 38. Bb3 Bc6 39. Kd4 Kd7 40. Ke5 Bb5
41. f4 Bd3 42. Ba4+ Kd8 43. Bd1 Nc7 44. h5 gxh5 45. Bxh5 Ke8 46. Bc5 Bc2 47. f5
exf5 48. exf5 Bb3 49. Bf3 1-0

[Event "TCh-CHN 2018"]
[Site "China CHN"]
[Date "2018.10.29"]
[Round "18.3"]
[Board "2"]
[White "Zhou, Jianchao"]
[Black "Lu, Shanglei"]
[Result "1/2-1/2"]
[WhiteTitle "GM"]
[BlackTitle "GM"]
[WhiteElo "2617"]
[BlackElo "2636"]
[WhiteTeam "Shenzhen Longgang Chess association"]
[BlackTeam "Zhejiang Chess Team"]
[WhiteFideId "8603537"]
[BlackFideId "8603332"]
[EventDate "2018.04.11"]

1. d4 Nf6 2. c4 e6 3. Nf3 d5 4. Nc3 dxc4 5. e4 Bb4 6. Bxc4 Nxe4 7. O-O Nxc3 8.
bxc3 Be7 9. Ne5 O-O 10. Qg4 Nc6 11. Re1 f5 12. Qf3 Nxe5 13. Rxe5 Kh8 14. Bf4 Bd6
15. Re3 Bxf4 16. Qxf4 Rf6 17. Rae1 Qd6 18. Qxd6 cxd6 19. Bxe6 Bxe6 20. Rxe6 Rxe6
21. Rxe6 Rc8 22. Rxd6 h6 23. Rd7 Rxc3 24. g3 Ra3 25. Rxb7 Rxa2 26. d5 Kh7 27. d6
Rd2 28. Rxa7 Rxd6 29. Kg2 Kg6 30. h4 Kf6 1/2-1/2

[Event "TCh-CHN 2018"]
[Site "China CHN"]
[Date "2018.10.29"]
[Round "18.3"]
[Board "3"]
[White "Liu, Qingnan"]
[Black "Xu, Minghui"]
[Result "1-0"]
[WhiteTitle "GM"]
[WhiteElo "2538"]
[BlackElo "2313"]
[WhiteTeam "Shenzhen Longgang Chess association"]
[BlackTeam "Zhejiang Chess Team"]
[WhiteFideId "8603294"]
[BlackFideId "8606790"]
[EventDate "2018.04.11"]

1. e4 e5 2. Nc3 Nf6 3. g3 Nc6 4. Bg2 Bc5 5. h3 d6 6. Nge2 Be6 7. f4 a6 8. d3 h6
9. a3 Qe7 10. b4 Ba7 11. Bb2 Be3 12. Bc1 Ba7 13. Qd2 O-O-O 14. f5 Bd7 15. b5
axb5 16. Nxb5 Bb6 17. a4 d5 18. exd5 e4 19. dxc6 Bxc6 20. Ba3 Qe8 21. a5 exd3
22. axb6 Bxb5 23. bxc7 Rd5 24. Bxd5 Nxd5 25. cxd3 1-0

[Event "TCh-CHN 2018"]
[Site "China CHN"]
[Date "2018.10.29"]
[Round "18.3"]
[Board "4"]
[White "Ding, Yixin"]
[Black "Zhang, Xiaowen"]
[Result "1/2-1/2"]
[WhiteTitle "WGM"]
[BlackTitle "WGM"]
[WhiteElo "2429"]
[BlackElo "2318"]
[WhiteTeam "Zhejiang Chess Team"]
[BlackTeam "Shenzhen Longgang Chess association"]
[WhiteFideId "8602972"]
[BlackFideId "8603219"]
[EventDate "2018.04.11"]

1. e4 e5 2. Nf3 Nf6 3. Nxe5 d6 4. Nf3 Nxe4 5. Nc3 Nxc3 6. dxc3 Be7 7. Bf4 Nc6 8.
Qd2 Be6 9. O-O-O Qd7 10. Be2 h6 11. Kb1 a6 12. Rhe1 O-O-O 13. Nd4 Nxd4 14. cxd4
Rhe8 15. d5 Bg4 16. Bxg4 Qxg4 17. f3 Qd7 18. Re2 Bf6 19. Rde1 Qa4 20. Rxe8 Rxe8
21. Rxe8+ Qxe8 22. c4 h5 23. Qe3 Qxe3 24. Bxe3 Kd7 25. Kc2 g6 26. b3 Ke7 27. Kd3
Be5 28. h3 f5 29. Bf2 Kf7 30. Be3 Ke7 31. Bf2 1/2-1/2

[Event "TCh-CHN 2018"]
[Site "China CHN"]
[Date "2018.10.29"]
[Round "18.3"]
[Board "5"]
[White "Zhu, Jiner"]
[Black "Shvayger, Yuliya"]
[Result "1/2-1/2"]
[WhiteTitle "WIM"]
[BlackTitle "IM"]
[WhiteElo "2379"]
[BlackElo "2389"]
[WhiteTeam "Zhejiang Chess Team"]
[BlackTeam "Shenzhen Longgang Chess association"]
[WhiteFideId "8608059"]
[BlackFideId "14100126"]
[EventDate "2018.04.11"]

1. e4 c5 2. f4 d5 3. exd5 Nf6 4. Bb5+ Nbd7 5. c4 g6 6. Nf3 Bg7 7. Bxd7+ Bxd7 8.
Ne5 O-O 9. d4 Bf5 10. Nc3 cxd4 11. Qxd4 Nd7 12. O-O Qb6 13. Qxb6 axb6 14. Be3
Nxe5 15. fxe5 Bd3 16. Rfd1 Bxc4 17. Bd4 Rac8 18. b3 Ba6 19. Na4 Rc2 20. Nxb6 Rd8
21. Rac1 Re2 22. Rc8 Rxc8 23. Nxc8 Bxe5 24. Nxe7+ Kf8 25. Nc8 Bxd4+ 26. Rxd4
Rxa2 27. d6 Ke8 28. Nb6 Kd8 29. Rd5 Rc2 30. Na4 Rc1+ 31. Kf2 Rc2+ 32. Kg1 Rc1+
33. Kf2 Rc2+ 34. Kg1 Rc1+ 35. Kf2 Rc2+ 1/2-1/2

[Event "TCh-CHN 2018"]
[Site "China CHN"]
[Date "2018.10.29"]
[Round "18.4"]
[Board "1"]
[White "Inarkiev, Ernesto"]
[Black "Ma, Qun"]
[Result "1/2-1/2"]
[WhiteTitle "GM"]
[BlackTitle "GM"]
[WhiteElo "2693"]
[BlackElo "2620"]
[WhiteTeam "Hangzhou Turbine Team"]
[BlackTeam "Hangzhou Bank Team"]
[WhiteFideId "4162722"]
[BlackFideId "8603154"]
[EventDate "2018.04.11"]

1. d4 d5 2. c4 e6 3. Nc3 Nf6 4. cxd5 Nxd5 5. e4 Nxc3 6. bxc3 c5 7. Rb1 cxd4 8.
cxd4 Nc6 9. Bb5 a6 10. Bxc6+ bxc6 11. Nf3 c5 12. O-O Be7 13. Qb3 cxd4 14. Rd1
Ra7 15. Bb2 Rb7 16. Qa4+ Qd7 17. Qxd7+ Rxd7 18. Ne5 Rb7 19. Nc6 f6 20. Bxd4 Rxb1
21. Rxb1 e5 22. Be3 Kf7 23. Rb6 Re8 24. h3 h5 25. a4 h4 26. a5 Bd8 27. Rb8 Be7
28. f3 Bd6 29. Ra8 Kg6 30. Ra7 Rf8 31. Kf2 Rf7 32. Nd8 Rxa7 33. Bxa7 Bc7 34. Bb6
Bd6 35. Ke3 Be7 1/2-1/2

[Event "TCh-CHN 2018"]
[Site "China CHN"]
[Date "2018.10.29"]
[Round "18.4"]
[Board "2"]
[White "Lin, Yi"]
[Black "Jakovenko, Dmitry"]
[Result "0-1"]
[BlackTitle "GM"]
[WhiteElo "2359"]
[BlackElo "2735"]
[WhiteTeam "Hangzhou Turbine Team"]
[BlackTeam "Hangzhou Bank Team"]
[WhiteFideId "8609659"]
[BlackFideId "4122356"]
[EventDate "2018.04.11"]

1. d4 Nf6 2. c4 e6 3. Nf3 d5 4. g3 Bb4+ 5. Bd2 Be7 6. Bg2 O-O 7. O-O c6 8. Qc2
b6 9. Rd1 Nbd7 10. Bf4 Ba6 11. b3 Rc8 12. Nc3 dxc4 13. e4 Bb4 14. Nd2 Qe7 15.
Nxc4 Bxc4 16. bxc4 e5 17. dxe5 Nxe5 18. Ne2 Rfe8 19. Nd4 Bc5 20. Nf5 Qe6 21. Be3
Bf8 22. c5 Nc4 23. cxb6 Nxe3 24. Nxe3 axb6 25. Nc4 Bc5 26. Rac1 Ra8 27. a4 Ng4
28. Rf1 b5 29. axb5 cxb5 30. Nb2 Qh6 31. h3 Bxf2+ 32. Rxf2 Nxf2 33. Kxf2 Qb6+
34. Ke2 b4 35. Bf3 Ra2 36. Rd1 Qa6+ 37. Kf2 Rc8 38. Qd2 Qb6+ 39. Kg2 b3 40. Be2
g6 0-1

[Event "TCh-CHN 2018"]
[Site "China CHN"]
[Date "2018.10.29"]
[Round "18.4"]
[Board "3"]
[White "Xiang, Zeyu"]
[Black "Gao, Rui"]
[Result "1/2-1/2"]
[BlackTitle "GM"]
[WhiteElo "2435"]
[BlackElo "2546"]
[WhiteTeam "Hangzhou Turbine Team"]
[BlackTeam "Hangzhou Bank Team"]
[WhiteFideId "8608547"]
[BlackFideId "8602387"]
[EventDate "2018.04.11"]

1. d4 Nf6 2. c4 g6 3. Nc3 d5 4. Bf4 Bg7 5. e3 O-O 6. cxd5 Nxd5 7. Nxd5 Qxd5 8.
Bxc7 Na6 9. Bxa6 Qxg2 10. Qf3 Qxf3 11. Nxf3 bxa6 12. Rc1 f6 13. b3 e5 14. d5 Bb7
15. e4 f5 16. Nxe5 fxe4 17. Nc6 Rf3 18. Rc4 e3 19. O-O Raf8 20. Bd6 exf2+ 21.
Kg2 R8f7 22. Rc2 Rd3 23. Rfxf2 Bf6 24. Be5 Bxe5 25. Rxf7 Bxc6 26. dxc6 Kxf7 27.
c7 Bxc7 28. Rxc7+ Ke6 29. Rxh7 Rd2+ 30. Kg3 Rxa2 31. Rxa7 Kf5 32. Rf7+ Ke5 33.
Rg7 Kf6 34. Ra7 Ra3 35. Kg4 Rxb3 36. Rxa6+ Kg7 37. Ra7+ Kf6 1/2-1/2

[Event "TCh-CHN 2018"]
[Site "China CHN"]
[Date "2018.10.29"]
[Round "18.4"]
[Board "4"]
[White "Li, Ruofan"]
[Black "Zhou, Zirun"]
[Result "1-0"]
[WhiteTitle "IM"]
[WhiteElo "2325"]
[BlackElo "2152"]
[WhiteTeam "Hangzhou Bank Team"]
[BlackTeam "Hangzhou Turbine Team"]
[WhiteFideId "8600643"]
[BlackFideId "8610975"]
[EventDate "2018.04.11"]

1. d4 Nf6 2. c4 e6 3. Nc3 d5 4. Bg5 Be7 5. Nf3 Nbd7 6. e3 O-O 7. Rc1 c6 8. a3 h6
9. Bh4 Ne4 10. Bxe7 Nxc3 11. Bxd8 Nxd1 12. Kxd1 Rxd8 13. c5 Re8 14. b4 a6 15.
Be2 e5 16. a4 exd4 17. Nxd4 Ne5 18. h3 Bd7 19. Kd2 Re7 20. Rc3 g5 21. g3 Kg7 22.
f4 gxf4 23. gxf4 Ng6 24. h4 Rg8 25. Bd3 Kh8 26. Rcc1 Nf8 27. Rcg1 Bg4 28. Bf5 h5
29. Rg3 Ne6 30. Bxe6 fxe6 31. Rhg1 a5 32. b5 cxb5 33. axb5 Rc8 34. c6 bxc6 35.
Nxc6 Rb7 36. Nd4 a4 37. Ra1 Rc4 38. Rgg1 Rxd4+ 39. exd4 Rxb5 40. Rgb1 Rxb1 41.
Rxb1 Kg7 42. Ra1 Kf6 43. Rxa4 Kf5 44. Ke3 Kf6 45. Ra8 Kf7 46. Rb8 Kg7 47. f5
Bxf5 48. Kf4 Kf6 49. Rf8+ Kg6 50. Ke5 Bg4 51. Rf6+ 1-0

[Event "TCh-CHN 2018"]
[Site "China CHN"]
[Date "2018.10.29"]
[Round "18.4"]
[Board "5"]
[White "Gu, Tianlu"]
[Black "Zhao, Shengxin"]
[Result "1/2-1/2"]
[WhiteTitle "WIM"]
[BlackTitle "WFM"]
[WhiteElo "2231"]
[BlackElo "2133"]
[WhiteTeam "Hangzhou Bank Team"]
[BlackTeam "Hangzhou Turbine Team"]
[WhiteFideId "8603995"]
[BlackFideId "8608040"]
[EventDate "2018.04.11"]

1. e4 c5 2. Nf3 Nc6 3. Bb5 g6 4. Bxc6 bxc6 5. O-O Bg7 6. Re1 Nf6 7. h3 O-O 8. d3
d6 9. c3 e5 10. Be3 h6 11. Nbd2 Re8 12. Qa4 Qc7 13. Rac1 a5 14. b4 cxb4 15. cxb4
Bd7 16. bxa5 Rxa5 17. Qc2 c5 18. Nc4 Ra6 19. Rb1 Bc6 20. Qc1 Kh7 21. Re2 d5 22.
exd5 Nxd5 23. Rb3 Nb4 24. Ncd2 Rxa2 25. Qxc5 Bf8 26. Qc4 Rc2 27. Rc3 Rxc3 28.
Qxc3 Nd5 29. Qc4 Nxe3 30. Rxe3 Bd6 31. Ne4 Bxe4 32. Qxc7 Bxc7 33. dxe4 Re7 34.
Rc3 1/2-1/2